LEADER 01143nam a2200241 i 4500 001 000000070187 003 CaOOAMICUS 005 20080811000000.0 008 080811s1901 be u000 u fre u 013 $a41359 040 $aSeMil$bita 100 1 $aNys, Désiré <1859-1927>.$0(OLS)http://semarc/name/513 245 13$aLa notion d'espace :$bau point de vue cosmologique et psychologique /$cpar Désiré Nys. 260 $aLouvain :$bInstitut supérieur de philosophie,$c1901. 300 $aV, 289 p. ;$c19 cm. 490 0 $aBibliothèque de l'Institut supérieur de philosophie 650 4$aSpazio - Filosofia.$0(OLS)http://semarc/subject/13307 650 4$aFilosofia scolastica.$0(OLS)http://semarc/subject/769 830 0$aBibliothèque de l'Institut supérieur de philosophie.$0(OLS)http://semarc/title/21470 850 $aSeMil 852 $aSeMil$W1$xVenegono$y1$m2P II 96$j36340$B36340$CSeMilBibl$Z2$F36343 $81 996 $6245$aLa notion d'espace :$bau point de vue cosmologique et psychologique$9(OLS)http://semarc/title/112602 996 $6260$aLouvain :$bInstitut supérieur de philosophie$9(OLS)http://semarc/publisher/29950 LEADER 01019nam a2200253 i 4500 001 000000070567 003 CaOOAMICUS 005 20080825000000.0 008 080825s1983 it u000 u ita u 013 $a41739 020 $a88-382-3481-7 040 $aSeMil$bita 100 1 $aGiulietti, Giovanni <1915->.$0(OLS)http://semarc/name/17373 245 10$aZamboni, o della filosofia come sapere rigoroso /$cGiovanni Giulietti. 260 $aRoma :$bStudium,$c1983. 300 $a178 p. ;$c19 cm. 490 0 $aInterpretazioni ;$v3 650 4$aZamboni, Giuseppe <1875-1950>.$0(OLS)http://semarc/subject/14089 830 0$aInterpretazioni ;$v3.$0(OLS)http://semarc/title/6874 850 $aSeMil 852 $aSeMil$W1$xVenegono$y1$m2P II 464$j36720$B36720$CSeMilBibl$Z2$F36723 $81 996 $6020$a88-382-3481-7$9(OLS)http://semarc/number/49373 996 $6245$aZamboni, o della filosofia come sapere rigoroso$9(OLS)http://semarc/title/113366 996 $6260$aRoma :$bStudium$9(OLS)http://semarc/publisher/29617